| 000 | 00485 a2200157 4500 | ||
|---|---|---|---|
| 003 | Nust | ||
| 005 | 20221221104608.0 | ||
| 040 | _cNust | ||
| 082 | _a179.6, MOR | ||
| 100 |
_aLord Morn _9105457 |
||
| 245 |
_aThe Anatomy of Courage _cLord Moran |
||
| 260 |
_alondon _bConstable _c1972 |
||
| 300 | _axiv216 p.; | ||
| 505 | _aPart One -The Discovery of Fear (Page-3), Part Two -How Courage is Spent (Page-67), Part Three -The Care and Management of Fear (Page-161). | ||
| 942 |
_2ddc _cBK |
||
| 999 |
_c193863 _d193863 |
||